Southville International School and Colleges
Your cart is empty.
  • Cart
  • Lists
    Public lists Eva Luna New books Lux_list list_1
    Your lists Log in to create your own lists
  • Log in to your account
  • Your cookies
  • Search history
Southville International School and Colleges
  • Advanced search
  • Recent comments
  • Most popular
  • Libraries

Log in to your account

Log in with GOOGLE


If you do not have an external account, but do have a local account, you can still log in:

  1. Home
  2. MARC view: A simplified approach to e-commerce /
Normal view MARC view ISBD view

A simplified approach to e-commerce / (Record no. 48318)

[ view plain ]
MARC details
000 -LEADER
fixed length control field 00579nam a2200193Ia 4500
003 - CONTROL NUMBER IDENTIFIER
control field PILC
005 - DATE AND TIME OF LATEST TRANSACTION
control field 20151123135020.0
008 - FIXED-LENGTH DATA ELEMENTS--GENERAL INFORMATION
fixed length control field 140321s9999 xx 000 0 und d
020 ## - INTERNATIONAL STANDARD BOOK NUMBER
International Standard Book Number 9781285911755
050 ## - LIBRARY OF CONGRESS CALL NUMBER
Classification number HF 5548.32
Item number .Sc358 2013
100 ## - MAIN ENTRY--PERSONAL NAME
Personal name Schneider, Gary.
245 #2 - TITLE STATEMENT
Title A simplified approach to e-commerce /
Statement of responsibility, etc Gary Schneider.
260 ## - PUBLICATION, DISTRIBUTION, ETC. (IMPRINT)
Place of publication, distribution, etc Philippines :
Name of publisher, distributor, etc Cengage Learning,
Date of publication, distribution, etc 2013.
300 ## - PHYSICAL DESCRIPTION
Extent 477 pages :
Dimensions 23 cm.
Other physical details illustrations ;
500 ## - GENERAL NOTE
General note Includes bibliographical references.
650 ## - SUBJECT ADDED ENTRY--TOPICAL TERM
Topical term or geographic name as entry element Electronic commerce.
942 ## - ADDED ENTRY ELEMENTS (KOHA)
Call number prefix Foreign
Koha item type Books
Source of classification or shelving scheme Library of Congress Classification
Holdings
Withdrawn status Lost status Damaged status Home library Current library Shelving location Date acquired Total Checkouts Total Renewals Full call number Barcode Date last seen Date checked out Price effective from Koha item type Source of classification or shelving scheme Source of acquisition Cost, normal purchase price
      College Library College Library Reserve Section 03/21/2014 1 35 HF 5548.32 .Sch358 2013 C17601 05/15/2018 06/13/2014 03/21/2014 Books      
      College Library College Library Reserve Section 10/09/2014 2 10 HF 5548.32 .Sch358 2013 C18813 05/15/2018 01/24/2017 10/09/2014 Books Library of Congress Classification Library Fund  
      College Library College Library Reserve Section 11/23/2015 1 1 HF 5548.32 .Sc358 2013 C20284 10/06/2018 09/22/2018 11/23/2015 Books Library of Congress Classification Library Fund 698.00

A simplified approach to e-commerce /

APA

Schneider G., . (2013). A simplified approach to e-commerce. Philippines: Cengage Learning.

Chicago

Schneider Gary, . 2013. A simplified approach to e-commerce. Philippines: Cengage Learning.

Harvard

Schneider G., . (2013). A simplified approach to e-commerce. Philippines: Cengage Learning.

MLA

Schneider Gary, . A simplified approach to e-commerce. Philippines: Cengage Learning. 2013.

  • Place hold
  • Print
  • Cite
  • Add to your cart (remove)
  • Save record
    BIBTEX Dublin Core MARCXML MARC (non-Unicode/MARC-8) MARC (Unicode/UTF-8) MARC (Unicode/UTF-8, Standard) MODS (XML) RIS
  • More searches
    Search for this title in:
    Other Libraries (WorldCat) Other Databases (Google Scholar) Online Stores (Bookfinder.com) Open Library (openlibrary.org)

Exporting to Dublin Core...

SOUTHVILLE LIBRARY

Southville International School and Colleges Library

1281 Tropical Ave. Cor. Luxembourg St., BF Homes International, Las Pinas City

Tel. No. 8256374 / 252358 Loc. 117/146

Powered by Koha